000 00689nam a2200289Ia 4500
005 20260324140943.0
008 008 260324s9999 xx 000 0 eng d
020 _a9780429503313
037 _aEBOOK
040 _aCRL
040 _beng
040 _cCRL
041 _2eng
041 _aeng
084 _qCRL
100 _aAmy Ansell
_91206361
245 0 _aUnraveling The Right
245 4 _bThe New Conservatism In American Thought And Politics
260 _bTaylor and Francis
260 _c1998
365 _a
365 _b230
856 _uhttp://www.taylorfrancis.com/books/9780429503313
942 _cEBOOK
999 _c1808949
_d1808949